Countries with Apple Stores - Statistics

General Stats
  • This quiz has been taken 54 times
    42 since last reset
  • The average score is 21 of 25
Answer Stats
Number of stores Countries % Correct
40 United Kingdom
100%
271 United States
100%
28 Canada
97%
47 China
97%
20 France
94%
2 Mexico
94%
11 Spain
94%
22 Australia
92%
2 Brazil
92%
16 Germany
92%
10 Japan
92%
2 India
89%
17 Italy
89%
1 Austria
83%
7 South Korea
83%
3 Sweden
83%
3 Netherlands
81%
3 Turkey
78%
1 Belgium
75%
4 Switzerland
75%
4 United Arab Emirates
75%
3 Singapore
72%
2 Thailand
67%
2 Taiwan
64%
1 Malaysia
50%
No matching quizzes found
Score Distribution
Percent of People with Each Score
Percentile by Number Answered
Your Score History
You have not taken this quiz since the last reset